000 01358cam a2200385 a 4500
999 _c528269
_d528269
001 15466302
003 NUST
005 20190905065829.0
008 080926s2009 dcuab b i001 0 eng
010 _a 2008042550
020 _a9780821376416
020 _a0821376411
020 _a9780821376423 (electronic)
020 _a082137642X (electronic)
035 _a(OCoLC)234146341
035 _a(OCoLC)ocn234146341
038 _aM-SOHAIL
040 _aDLC
_cDLC
_dDLC
043 _aae-----
050 0 0 _aHC460.5.Z9
_bD574 2009
082 0 0 _a330.95
_222
_bHUA
100 _aReshaping economic geography
_919982
245 0 0 _aReshaping economic geography
_cedited by Reshaping economic geography.
260 _aWashington, DC :
_bWorld Bank,
_cc2009.
300 _axxxi, 383 p. :
_bill, maps ;
_c27 cm.
500 _a"Companion volume to the World development report 2009"--P. [4] of cover.
504 _aIncludes bibliographical references and index.
650 0 _aIndustrial clusters
_zEast Asia.
_919983
651 0 _aEast Asia
_xEconomic conditions.
_919984
700 1 _aHuang, Yukon.
_919985
700 1 _aBocchi, Alessandro Magnoli,
_d1968-
_919986
906 _a7
_bcbc
_corignew
_d1
_eecip
_f20
_gy-gencatlg
942 _2ddc
_cBK